| 000 | 00557nam a22001817a 4500 | ||
|---|---|---|---|
| 003 | CEME | ||
| 005 | 20210628203946.0 | ||
| 008 | 210105b xxu||||| |||| 00| 0 eng d | ||
| 020 | _a0415271754 | ||
| 040 | _c. | ||
| 082 | _a363.258 FIN | ||
| 100 |
_aChampod, Christophe, Lennard, Chris, Margot, Pierre _968021 |
||
| 245 | _aFingerprints and other ridge skin impressions | ||
| 260 |
_aLONDON _bCRC PRESS _c2004 |
||
| 300 | _a760P | ||
| 650 |
_aFINGERPRINTS.FINGERPRINTS-IDENTIFICATIONS.CRIMINAL INVESTIGATION.FORENSIC SCIENCES _968022 |
||
| 942 |
_cBK _2ddc |
||
| 999 |
_c575686 _d575686 |
||